000 00484nam a2200193Ia 4500
008 101110s9999 xx 000 0 und d
041 _aENGLISH
082 _bSR11398
_a341.47
100 _aWadhwani, Parankar
245 _aIndian Business Law made simple
365 _b30
520 _aCommerce
546 _aENGLISH
630 _aIndian Business Law made simple
650 _aCommerce
655 _aCommerce
730 _aIndian Business Law made simple
942 _cBOOK
999 _c806158
_d806155